004350000a22001450004500003001100000005001700011008004100028020001500069040003900084041000800123082001300131245008000144260005400224300001100278LK-CoMWRAF20240205211639.0230817t ||||| |||| 00| 0 eng d a955577191X aLK-CoMWRAFdLK-CoMWRAFeLK-CoMWRAF aeng a060bSTA aStatistical abstract of the Democratic Socialist Republic of Sri Lanka 1997 aColombo :bMinistry of finance and planningc1998 a318 p.